[Event "Fast Game"]
[Site "www.echecsemail.com"]
[Date "2016.05.25"]
[Round "1"]
[White "Dox"]
[Black "Esperanza"]
[WhiteElo "1599"]
[BlackElo "1599"]
[Result "1-0"]
[Round "1"]
1.e4 e6
2.d4 d5
3.Nb1d2 Ng8f6
4.e5 Nf6d7
5.Bf1d3 c5
6.c3 Nb8c6
7.Ng1e2 cxd4
8.cxd4 f6
9.exf6 Nd7xf6
10.O-O Bf8d6
11.Nd2f3 Qd8c7
12.Ne2c3 a6
13.Bc1d2 O-O
14.Ra1c1 Bc8d7
15.Rf1e1 Ra8e8
16.Nc3a4 b5
17.Na4c5 Bd7c8
18.a4 bxa4
19.Qd1xa4 Qc7b6
20.b4 e5
21.dxe5 Nc6xe5
22.Nf3xe5 Bd6xe5
23.h3 Be5b8
24.Nc5xa6 Bc8xa6
25.Qa4xa6 Qb6d4
26.Re1xe8 Rf8xe8
27.Rc1c8 Qd4e5
28.g3 Re8xc8
29.Qa6xc8 Kf7
30.b5 Nf6e4
31.Bd3xe4 dxe4
32.b6 Qe5d6
33.Qc8b7 Kg8
34.Bd2c3 { resign }
1-0

[Event "Tourn. n8724"]
[Site "www.chess-mail.com"]
[Date "2016.05.26"]
[Round "1"]
[White "Julian"]
[Black "Prize64"]
[WhiteElo "2100"]
[BlackElo "2250"]
[Result "0-1"]
[Round "1"]
1.e4 c5
2.Ng1f3 e6
3.c3 Ng8f6
4.e5 Nf6d5
5.d4 cxd4
6.cxd4 b6
7.Nb1c3 Bc8b7
8.Bf1b5 Bf8e7
9.O-O O-O
10.Rf1e1 d6
11.exd6 Be7xd6
12.Bc1g5 Bd6e7
13.Bg5xe7 Qd8xe7
14.Nf3e5 a6
15.Bb5a4 b5
16.Ba4c2 Nb8d7
17.Qd1d3 g6
18.Nc3xd5 Bb7xd5
19.Re1e3 Ra8c8
20.Ra1c1 Nd7xe5
21.dxe5 Qe7g5
22.h4 Qg5xh4
23.Re3h3 Qh4e4
24.Qd3g3 Rc8xc2
25.Rc1xc2 Qe4xc2
26.Qg3c3 Qc2xc3
27.Rh3xc3 Bd5xa2
28.Rc3a3 Ba2d5
29.Ra3xa6 Rf8a8
30.Ra6b6 Ra8a1
31.Kh2 Bd5c4
32.Kg3 Ra1b1
33.Kh4 Rb1xb2
34.Kg5 Kg7
35.f4 Rb2xg2
36.Kh4 h5
37.Rb6d6 Bc4f1
{ resign }
0-1

[Event "Tourn. n8749"]
[Site "www.chess-mail.com"]
[Date "2016.05.26"]
[Round "1"]
[White "Orhany24"]
[Black "Darko10"]
[WhiteElo "2250"]
[BlackElo "2560"]
[Result "0-1"]
[Round "1"]
1.e4 e5
2.Ng1f3 Nb8c6
3.Bf1c4 Ng8f6
4.O-O Nf6xe4
5.d4 d5
6.Bc4b5 exd4
7.Nf3xd4 Bc8d7
8.Nb1c3 Ne4xc3
9.bxc3 Bf8e7
10.Qd1h5 Nc6xd4
11.Bb5xd7 Qd8xd7
12.cxd4 O-O
13.Bc1f4 Rf8e8
14.Rf1e1 Be7b4
15.Re1e3 Re8xe3
16.Bf4xe3 Qd7b5
17.g3 Qb5c4
18.Qh5g4 Bb4d6
19.Be3h6 Bd6f8
20.Ra1e1 Qc4xa2
21.Re1e5 Qa2xc2
22.Re5g5 Qc2b1
23.Kg2 Qb1e4
24.Qg4xe4 dxe4
25.Rg5g4 f5
26.Rg4g5 a5
{ resign }
0-1

[Event "Tourn. n8678"]
[Site "www.chess-mail.com"]
[Date "2016.05.26"]
[Round "1"]
[White "Roserl"]
[Black "Genius7"]
[WhiteElo "1920"]
[BlackElo "1810"]
[Result "1-0"]
[Round "1"]
1.e4 c5
2.Ng1f3 Nb8c6
3.d4 cxd4
4.Nf3xd4 Ng8f6
5.Nb1c3 e5
6.Nd4b5 d6
7.Bc1g5 a6
8.Nb5a3 b5
9.Bg5xf6 gxf6
10.Nc3d5 Bc8e6
11.c3 f5
12.Bf1d3 Be6xd5
13.exd5 Nc6e7
14.c4 Qd8a5
15.Kf1 b4
16.Na3c2 Bf8g7
17.Bd3e2 Ne7g6
18.g3 O-O
19.Kg2 f4
20.Qd1d2 Ra8b8
21.a3 Qa5c7
22.Nc2xb4 Qc7b6
23.Ra1b1 f5
24.Nb4c6 Rb8e8
25.f3 Qb6c5
26.b4 Qc5b6
27.Qd2c2 fxg3
{ time. }
1-0

[Event "Tourn. n8754"]
[Site "www.chess-mail.com"]
[Date "2016.05.26"]
[Round "1"]
[White "Raven16"]
[Black "Julian"]
[WhiteElo "2140"]
[BlackElo "2110"]
[Result "1-0"]
[Round "1"]
1.d4 d5
2.c4 e6
3.Nb1c3 Ng8f6
4.Ng1f3 Bf8e7
5.Bc1f4 O-O
6.e3 c6
7.Bf1d3 Nb8d7
8.O-O Nf6h5
9.Rf1e1 Nh5xf4
10.exf4 Nd7f6
11.Nf3e5 Nf6d7
12.c5 Nd7xe5
13.fxe5 b6
14.b4 Bc8b7
15.Re1e3 Rf8e8
16.f4 f6
17.f5 fxe5
18.Re3h3 e4
19.Qd1h5 h6
20.Bd3e2 exf5
21.Qh5g6 Be7f6
22.Ra1d1 f4
23.Rh3xh6 Re8e7
24.Be2h5 Re7e6
25.Qg6f7 
1-0

[Event "Tourn. n8738"]
[Site "www.chess-mail.com"]
[Date "2016.05.26"]
[Round "1"]
[White "Genius7"]
[Black "B0zata"]
[WhiteElo "1860"]
[BlackElo "1799"]
[Result "0-1"]
[Round "1"]
1.d4 d5
2.c4 e5
3.dxe5 d4
4.Ng1f3 Nb8c6
5.g3 Bf8b4
6.Bc1d2 Bb4xd2
7.Qd1xd2 Bc8e6
8.b3 Ng8e7
9.Bf1g2 Ne7g6
10.Nb1a3 Be6g4
11.Ra1d1 Bg4xf3
12.Bg2xf3 Ng6xe5
13.Bf3xc6 Ne5xc6
14.O-O Qd8f6
15.e3 O-O-O
16.Na3c2 dxe3
17.Qd2xe3 Rh8e8
18.Rd1xd8 Re8xd8
19.Nc2a3 a6
20.Kg2 Qf6b2
21.Na3b1 Qb2xa2
22.Qe3e4 Qa2xb3
23.Qe4f5 { time. }
0-1

[Event "Tourn. n8664"]
[Site "www.chess-mail.com"]
[Date "2016.05.26"]
[Round "1"]
[White "Ditto"]
[Black "Knightjumper"]
[WhiteElo "1620"]
[BlackElo "1690"]
[Result "0-1"]
[Round "1"]
1.d4 d5
2.Ng1f3 Ng8f6
3.Bc1f4 c6
4.Nb1c3 Bc8f5
5.e3 e6
6.Bf1e2 Bf8b4
7.O-O O-O
8.Nc3b1 Bb4d6
9.Bf4g5 Nb8d7
10.c4 dxc4
11.Be2xc4 Qd8c7
12.Nb1d2 h6
13.Bg5h4 Nf6e4
14.Bh4g3 Ne4xg3
15.fxg3 Nd7b6
16.Bc4b3 Nb6d5
17.e4 Nd5e3
18.Qd1c1 Ne3xf1
19.Qc1xf1 Bf5g6
20.e5 Bd6b4
21.Nd2c4 Bb4e7
22.Ra1e1 Be7b4
23.Re1d1 Bb4e7
24.Nc4e3 Rf8d8
25.Ne3g4 c5
26.Rd1c1 b6
27.Qf1e1 Bg6f5
28.Ng4e3 Bf5g6
29.Ne3g4 Qc7b7
30.Rc1d1 cxd4
31.Nf3xd4 Be7c5
32.Kf1 Bc5xd4
33.Rd1d2 Bd4c5
34.Rd2e2 Bg6d3
35.Qe1c1 Bd3xe2
36.Kxe2 Qb7xg2
37.Ke1 Qg2g1
38.Ke2 Qg1xc1
39.h3 Qc1d2
{ resign }
0-1

[Event "Tourn. n8705"]
[Site "www.chess-mail.com"]
[Date "2016.05.26"]
[Round "1"]
[White "Osopanda"]
[Black "Genius7"]
[WhiteElo "1950"]
[BlackElo "1820"]
[Result "1-0"]
[Round "1"]
1.d4 f5
2.c4 Ng8f6
3.g3 g6
4.Bf1g2 Bf8g7
5.Nb1c3 d6
6.e4 fxe4
7.Nc3xe4 O-O
8.Ng1e2 c6
9.O-O Nf6xe4
10.Bg2xe4 e5
11.Bc1e3 Qd8e7
12.Be4g2 Nb8d7
13.dxe5 dxe5
14.Ne2c3 Nd7f6
15.Nc3e4 Nf6xe4
16.Bg2xe4 Kh8
17.Kg2 Bc8f5
18.f3 Ra8d8
19.Qd1c2 Bf5xe4
20.fxe4 Rf8xf1
21.Ra1xf1 b6
22.h4 Rd8f8
23.Rf1xf8 Qe7xf8
24.c5 b5
25.b4 Qf8c8
26.Qc2d2 Bg7f6
27.Qd2d6 Kg7
28.Be3h6 Kf7
29.Bh6g5 Bf6xg5
30.hxg5 Qc8e6
31.Qd6c7 Kg8
32.Qc7xa7 Qe6e8
33.Qa7c7 Kf8
{ time. }
1-0

[Event "Tourn. n8755"]
[Site "www.chess-mail.com"]
[Date "2016.05.26"]
[Round "1"]
[White "Roque1"]
[Black "Osopanda"]
[WhiteElo "1950"]
[BlackElo "1950"]
[Result "0-1"]
[Round "1"]
1.e4 c5
2.Ng1f3 d6
3.d4 cxd4
4.Nf3xd4 Ng8f6
5.Nb1c3 a6
6.Bf1c4 e6
7.O-O Bf8e7
8.Bc1e3 O-O
9.Qd1d3 b5
10.Bc4b3 Qd8c7
11.f4 Bc8b7
12.h3 Nb8d7
13.a4 { time. }
0-1

[Event "Tourn. n8631"]
[Site "www.chess-mail.com"]
[Date "2016.05.26"]
[Round "1"]
[White "Gimmyg"]
[Black "Starwind"]
[WhiteElo "2520"]
[BlackElo "2470"]
[Result "0-1"]
[Round "1"]
1.d4 d5
2.Ng1f3 Ng8f6
3.Bc1f4 c5
4.c3 Nb8c6
5.e3 Qd8b6
6.Qd1b3 c4
7.Qb3xb6 axb6
8.Nb1a3 Nc6a7
9.Nf3d2 Bc8f5
10.Bf1e2 e6
11.b4 Bf8e7
12.O-O O-O
13.Bf4e5 Rf8d8
14.Be5c7 Rd8d7
15.Bc7e5 Bf5g6
16.Rf1e1 b5
17.h4 h5
18.Be2d1 Nf6e8
19.Be5g3 Be7d6
20.Bg3xd6 Ne8xd6
21.Bd1c2 Bg6d3
22.Bc2xd3 cxd3
23.Na3b1 Nd6c4
24.e4 Na7c8
25.exd5 exd5
26.a3 Nc8b6
27.Nd2b3 Nc4b2
28.Nb3c5 Rd7d8
29.Ra1a2 Nb6c4
30.Nb1d2 b6
31.Nd2xc4 bxc4
32.Ra2xb2 bxc5
33.bxc5 Ra8xa3
34.Re1c1 Rd8a8
35.f3 Kf8
36.Kf2 Ra3a2
37.Rc1b1 Ra2xb2
38.Rb1xb2 Ra8a3
39.g4 Ra3b3
40.Rb2a2 hxg4
41.fxg4 f6
42.Ke3 Rb3xc3
43.Ra2a8 Ke7
44.Ra8a2 Rc3c1
45.Kd2 Rc1h1
46.Ra2a7 Kd8
47.Ra7a8 Kc7
48.Ra8a7 Kb8
{ resign }
0-1

[Event "Tourn. n8716"]
[Site "www.chess-mail.com"]
[Date "2016.05.26"]
[Round "1"]
[White "Coventry"]
[Black "Estonia"]
[WhiteElo "1910"]
[BlackElo "1990"]
[Result "0-1"]
[Round "1"]
1.Ng1f3 d5
2.g3 Ng8f6
3.Bf1g2 c5
4.b3 Nb8c6
5.Bc1b2 Bc8f5
6.d3 e6
7.O-O Bf8e7
8.Nb1d2 O-O
9.Nf3e5 Nc6xe5
10.Bb2xe5 Nf6d7
11.Be5b2 Be7f6
12.Bb2xf6 Nd7xf6
13.Nd2f3 Qd8c7
14.Nf3h4 Bf5g6
15.Nh4xg6 hxg6
16.c4 Ra8c8
17.Qd1c2 d4
18.h3 b6
19.Rf1e1 g5
20.Qc2d2 g4
21.h4 Qc7e5
22.b4 Nf6h7
23.b5 g5
24.hxg5 Qe5xg5
25.Qd2xg5 Nh7xg5
26.a4 Kg7
27.a5 f5
28.axb6 axb6
29.Ra1a7 Rf8f7
30.Re1a1 Rc8c7
31.Ra1a6 Rc7xa7
{ resign }
0-1

[Event "Tourn. n8542"]
[Site "www.chess-mail.com"]
[Date "2016.05.26"]
[Round "1"]
[White "Numanoid"]
[Black "Nimzo"]
[WhiteElo "2480"]
[BlackElo "2830"]
[Result "1/2-1/2"]
[Round "1"]
1.e4 e6
2.d4 d5
3.e5 c5
4.c3 Qd8b6
5.Ng1f3 Nb8c6
6.Bf1e2 cxd4
7.cxd4 Ng8h6
8.Nb1c3 Nh6f5
9.Nc3a4 Qb6a5
10.Bc1d2 Bf8b4
11.Bd2c3 Bb4xc3
12.Na4xc3 Qa5b6
13.Be2b5 Bc8d7
14.Bb5xc6 Bd7xc6
15.b3 Bc6b5
16.Nc3xb5 Qb6xb5
17.Qd1e2 a6
18.Qe2xb5 axb5
19.Kd2 Kd7
20.a4 bxa4
21.bxa4 b6
22.Rh1b1 Ra8a6
23.Rb1b5 Rh8a8
24.Ra1b1 Kc7
25.a5 Ra6xa5
26.Rb5xb6 Ra5a2
27.Ke1 Ra2a7
28.Ke2 h6
29.Rb1b2 g5
30.h3 Ra7a2
31.Rb6b7 Kc8
32.Rb7b8 Ra8xb8
33.Rb2xa2 Kd7
34.Ra2a4 Rb8b7
35.Kd3 Ke7
36.g4 Nf5g7
{ draw }
1/2-1/2

[Event "Tourn. n8774"]
[Site "www.chess-mail.com"]
[Date "2016.05.26"]
[Round "1"]
[White "Viru"]
[Black "Odin"]
[WhiteElo "1840"]
[BlackElo "1930"]
[Result "1-0"]
[Round "1"]
1.e4 e5
2.Ng1f3 Ng8f6
3.Bf1c4 d5
4.exd5 Nf6xd5
5.Nf3xe5 c6
6.Qd1f3 Bc8e6
7.O-O Nb8d7
8.Rf1e1 Bf8d6
9.Ne5xf7 Qd8h4
10.Nf7xd6 Kd8
11.Re1xe6 Nd7b6
12.Nd6f7 Kd7
13.Bc4xd5 Nb6xd5
14.Re6e4 Qh4f6
15.Qf3g4 Kc7
16.Qg4g3 Kb6
17.Nf7xh8 Ra8f8
18.d3 g5
19.Nb1c3 Nd5xc3
20.Bc1e3 c5
21.bxc3 Rf8xh8
22.Ra1b1 Ka6
23.Re4a4 
1-0

[Event "Tourn. n8721"]
[Site "www.chess-mail.com"]
[Date "2016.05.26"]
[Round "1"]
[White "Azulmarino"]
[Black "Cal"]
[WhiteElo "1440"]
[BlackElo "1660"]
[Result "0-1"]
[Round "1"]
1.e4 e5
2.Ng1f3 d6
3.Bf1c4 h6
4.d3 a6
5.Nb1c3 Nb8c6
6.Nc3d5 Bc8e6
7.Nd5c3 Be6g4
8.h3 Bg4xf3
9.Qd1xf3 Ng8f6
10.Nc3d5 Nc6d4
11.Nd5xf6 Qd8xf6
12.Qf3d1 Bf8e7
13.c3 O-O
14.cxd4 exd4
15.O-O c6
16.Qd1g4 b5
17.Bc4b3 c5
18.Bc1f4 a5
19.e5 dxe5
20.Bf4d2 c4
21.Bb3c2 cxd3
22.Bc2xd3 b4
23.b3 Be7d6
24.Bd3f5 Ra8d8
25.Bd2xh6 Qf6xh6
26.Ra1e1 Rf8e8
27.Re1e4 Bd6c7
28.Qg4g3 d3
29.Re4h4 Qh6f6
30.Rh4h7 Re8e7
31.Qg3g4 Rd8d4
32.Qg4h5 g6
33.Qh5h6 Rd4d6
34.Rf1c1 gxf5
35.Qh6xf6 Rd6xf6
36.Rh7h5 Kg7
37.Rc1c4 e4
38.Rc4c1 Bc7b6
39.Rc1c8 Rf6g6
40.Rh5xf5 e3
41.fxe3 Re7xe3
42.Rf5d5 Re3e5
43.Kh2 Re5xd5
44.Rc8c1 d2
45.Rc1d1 Rg6e6
46.h4 Re6e2
47.Kh3 f5
48.Kg3 Rd5d3
49.Kf4 Kf6
50.h5 Re2f2
{ resign }
0-1

[Event "Tourn. n8680"]
[Site "www.chess-mail.com"]
[Date "2016.05.26"]
[Round "1"]
[White "Tartan"]
[Black "Numanoid"]
[WhiteElo "2440"]
[BlackElo "2460"]
[Result "0-1"]
[Round "1"]
1.d4 Ng8f6
2.c4 g6
3.Nb1c3 d5
4.cxd5 Nf6xd5
5.e4 Nd5xc3
6.bxc3 Bf8g7
7.Bf1c4 c5
8.Ng1e2 Nb8c6
9.Bc1e3 O-O
10.O-O Qd8c7
11.Ra1c1 b6
12.f4 e6
13.f5 exf5
14.exf5 Qc7e7
15.Qd1d2 Bc8xf5
16.Be3g5 Qe7d7
17.Ne2g3 Nc6a5
18.Bc4e2 Bf5e6
19.Bg5h6 Na5c4
{ resign }
0-1

[Event "Tourn. n8731"]
[Site "www.chess-mail.com"]
[Date "2016.05.26"]
[Round "1"]
[White "Azulmarino"]
[Black "Passaroa25"]
[WhiteElo "1480"]
[BlackElo "1610"]
[Result "1-0"]
[Round "1"]
1.e4 c6
2.Bf1c4 d6
3.Nb1c3 Bc8e6
4.Bc4xe6 fxe6
5.d3 g6
6.Bc1g5 Bf8h6
7.Bg5h4 Ng8f6
8.Ng1f3 e5
9.Nf3g5 Bh6xg5
10.Bh4xg5 Nf6h5
11.Qd1g4 Nh5f6
12.Qg4h4 O-O
13.Qh4h6 Nf6g4
14.Qh6h4 Qd8d7
15.h3 Ng4f6
16.O-O h5
17.Bg5h6 Nf6h7
18.g4 g5
19.Qh4xh5 Nh7f6
20.Qh5g6 { resign }
1-0

[Event "Match"]
[Site "www.echecsemail.com"]
[Date "2016.05.26"]
[Round "1"]
[White "Billyg"]
[Black "Gambitchess"]
[WhiteElo "1570"]
[BlackElo "1650"]
[Result "1-0"]
[Round "1"]
1.e4 d6
2.d4 g6
3.Bc1f4 Bf8g7
4.Ng1f3 Ng8f6
5.Nb1c3 O-O
6.Bf1d3 Bc8g4
7.h3 Bg4xf3
8.Qd1xf3 Nb8c6
9.O-O-O Nc6xd4
10.Qf3e3 Nd4e6
11.Bd3c4 Ne6xf4
12.Qe3xf4 Qd8c8
13.e5 dxe5
14.Qf4xe5 e6
15.Nc3e4 Nf6xe4
16.Qe5xe4 e5
17.h4 c6
18.c3  { time }
1-0

[Event "Match"]
[Site "www.echecsemail.com"]
[Date "2016.05.26"]
[Round "1"]
[White "Cal"]
[Black "Jhzes"]
[WhiteElo "1520"]
[BlackElo "1809"]
[Result "0-1"]
[Round "1"]
1.Nb1c3 d5
2.d4 Nb8c6
3.e3 a6
4.h3 Ng8f6
5.a3 g6
6.b4 Bc8f5
7.Ng1f3 e6
8.Bf1e2 b5
9.O-O Bf8d6
10.Bc1b2 O-O
11.Be2d3 Bf5xd3
12.cxd3 Nc6e7
13.Nc3e2 Nf6d7
14.Qd1c2 c6
15.Nf3h4 Nd7f6
16.f4 Nf6h5
17.g4 Nh5g7
18.e4 f5
19.exf5 exf5
20.g5 Ng7h5
21.Rf1f3 Qd8c7
22.Ra1f1 a5
23.Bb2c3 axb4
24.axb4 Ra8a4
25.Rf1a1 Ra4xa1
26.Kg2 Ra1a4
27.Bc3d2 Bd6xb4
28.Bd2e3 Rf8a8
29.Be3f2 Ra4a2
30.Qc2d1 Ra2a1
31.Qd1b3 Bb4d2
32.Kh2 Ra8a3
33.Qb3c2 Qc7a5
34.Qc2c5 Bd2b4
35.Qc5c2 Ra1a2
36.Qc2c1 Ra2xe2
37.Kg2 Ra3a1
{ resign }
0-1

[Event "Match"]
[Site "www.echecsemail.com"]
[Date "2016.05.26"]
[Round "1"]
[White "Amo"]
[Black "Iko"]
[WhiteElo "1809"]
[BlackElo "1620"]
[Result "0-1"]
[Round "1"]
1.e4 e5
2.Ng1f3 Nb8c6
3.Bf1c4 d6
4.d4 Bc8g4
5.Bc4xf7 Kxf7
6.Nf3g5 Qd8xg5
7.f3 Bg4xf3
8.Qd1xf3 Qg5f6
 { time }
0-1

[Event "Match"]
[Site "www.echecsemail.com"]
[Date "2016.05.26"]
[Round "1"]
[White "Paes19"]
[Black "Elogic"]
[WhiteElo "2100"]
[BlackElo "1860"]
[Result "0-1"]
[Round "1"]
1.e4 e5
2.Ng1f3 Ng8f6
3.Nb1c3 Bf8c5
4.h3 b6
5.d4 exd4
6.Nf3xd4 Bc8b7
7.f3 Bc5xd4
8.Qd1xd4 c5
9.Qd4d6 Qd8e7
10.Qd6xe7 Kxe7
11.Bf1c4 d6
12.O-O Nb8d7
13.Bc1f4 Nd7e5
14.Bf4xe5 dxe5
15.Rf1e1 Rh8d8
16.Ra1d1 Rd8xd1
17.Re1xd1 Ra8d8
18.Bc4d5 Bb7xd5
19.Nc3xd5 Nf6xd5
20.exd5 f5
21.c4 Kd6
22.Kf2 g5
23.g4 f4
24.Ke2 a5
25.b3 Rd8h8
26.Kd3 h5
27.gxh5 Rh8xh5
28.Rd1h1 Kd7
29.Ke4 Kd6
30.Kf5 e4
31.Kg4 Rh5h8
32.fxe4 Rh8g8
33.Rh1e1 Ke5
34.Kf3 Rg8h8
35.Re1h1 g4
 { time }
0-1

[Event "1/128 Finale"]
[Site "www.chess-mail.com"]
[Date "2016.05.26"]
[Round "1"]
[White "Odin"]
[Black "Genius3"]
[WhiteElo "1980"]
[BlackElo "1680"]
[Result "0-1"]
[Round "1"]
1.d4 Ng8f6
2.f3 d5
3.Nb1c3 e6
4.e4 dxe4
5.fxe4 c5
6.e5 Nf6d5
7.Ng1e2 cxd4
8.Qd1xd4 Nb8c6
9.Qd4e4 Bf8b4
10.a3 Bb4xc3
11.Ne2xc3 O-O
12.Bf1d3 f5
13.Qe4e2 Nd5xc3
14.bxc3 Qd8a5
15.Bc1d2 Qa5xe5
16.O-O Qe5xe2
17.Bd3xe2 Bc8d7
18.Be2b5 a6
19.Bb5a4 e5
20.Ra1b1 b5
21.Ba4b3 Kh8
22.Bb3d5 Ra8e8
23.c4 Nc6d4
24.c3 Nd4e2
25.Kh1 g6
26.Rf1f2 Ne2f4
27.Bd2xf4 exf4
28.Rf2xf4 Kg7
29.c5 Re8c8
30.Rb1e1 Kf6
31.c4 Rc8xc5
32.h4 bxc4
33.Bd5xc4 a5
34.g4 g5
35.hxg5 Kxg5
36.Rf4d4 Bd7c6
37.Kh2 fxg4
38.Bc4e2 Rf8f2
39.Kg1 Rf2g2
40.Kf1 Rc5f5
41.Be2f3 Bc6xf3
42.Re1e7 Rf5b5
43.a4 Rb5b1
44.Re7e1 Rb1xe1
45.Kxe1 Rg2e2
46.Kf1 h5
47.Rd4c4 h4
48.Rc4c5 Kf4
49.Rc5xa5 Kg3
50.Ra5f5 h3
{ resign }
0-1

[Event "1/128 Finale"]
[Site "www.chess-mail.com"]
[Date "2016.05.26"]
[Round "1"]
[White "Genius7"]
[Black "Derfel83"]
[WhiteElo "1850"]
[BlackElo "1930"]
[Result "0-1"]
[Round "1"]
1.f4 Ng8f6
2.Ng1f3 e6
3.d4 c5
4.e3 d5
5.c3 b6
6.Bf1b5 Bc8d7
7.Bb5xd7 Nb8xd7
8.O-O Bf8e7
9.Nb1d2 O-O
10.Qd1e2 Nf6e8
11.e4 f5
12.exd5 exd5
13.Nf3e5 Nd7xe5
14.fxe5 f4
15.Nd2f3 Ne8c7
16.Qe2d3 Nc7e6
17.Kh1 c4
18.Qd3c2 b5
19.a4 a6
20.axb5 axb5
21.Bc1d2 g5
22.h3 Ne6g7
23.Nf3h2 Ng7h5
24.Nh2g4 Nh5g3
25.Kh2 Ng3xf1
26.Ra1xf1 Kg7
{ resign }
0-1

[Event "1/64 Finale"]
[Site "www.chess-mail.com"]
[Date "2016.05.26"]
[Round "1"]
[White "Sik"]
[Black "Sandokam"]
[WhiteElo "1860"]
[BlackElo "2089"]
[Result "0-1"]
[Round "1"]
1.c4 Ng8f6
2.Nb1c3 e5
3.g3 d5
4.cxd5 Nf6xd5
5.Bf1g2 Nd5xc3
6.bxc3 Bf8d6
7.d4 exd4
8.cxd4 O-O
9.e4 Bd6b4
10.Kf1 c6
11.Ng1e2 Rf8e8
12.Bc1b2 Nb8d7
13.Bg2h3 Re8xe4
14.Kg2 b5
15.Qd1c2 Nd7f6
16.Qc2xc6 Bc8xh3
17.Kxh3 Re4xe2
18.Ra1b1 Re2xf2
19.Qc6xb5 Qd8c8
{ resign }
0-1

[Event "Fast Game"]
[Site "www.echecsemail.com"]
[Date "2016.05.26"]
[Round "1"]
[White "Pellix84"]
[Black "Hennie4820"]
[WhiteElo "1600"]
[BlackElo "1730"]
[Result "1-0"]
[Round "1"]
1.d4 Ng8f6
2.g3 g6
3.Bf1g2 Bf8g7
4.Ng1f3 O-O
5.O-O d6
6.c4 Nb8d7
7.Nb1c3 c6
8.h3 Qd8c7
9.Nf3h2 e5
10.dxe5 Nd7xe5
11.b3 Bc8e6
12.Bc1f4 Nf6h5
13.Bf4xe5 Bg7xe5
14.Qd1d2 Qc7b6
15.e3 Qb6b4
16.Ra1c1 Ra8d8
17.Nh2f3 d5
18.Nf3xe5 dxc4
19.Qd2b2 cxb3
20.axb3 f6
21.Ne5g4 Rd8d3
22.Nc3e4 f5
23.Ng4h6 
1-0

[Event "Tourn. n8683"]
[Site "www.chess-mail.com"]
[Date "2016.05.27"]
[Round "1"]
[White "Plymouth"]
[Black "Azulmarino"]
[WhiteElo "1739"]
[BlackElo "1430"]
[Result "0-1"]
[Round "1"]
1.Ng1f3 d5
2.g3 Bc8g4
3.Nf3e5 e6
4.Ne5xg4 Ng8f6
5.Ng4xf6 Qd8xf6
6.Bf1g2 Bf8c5
7.O-O Qf6g5
8.d4 Bc5d6
9.Bc1xg5 f6
10.Bg5d2 Nb8c6
11.Bd2c3 O-O-O
12.e3 Kb8
13.Nb1d2 f5
14.a3 g6
15.Nd2b3 h5
16.Nb3a5 a6
17.Na5xc6 bxc6
18.Rf1e1 Kc8
19.Qd1d2 Kd7
 { time }
0-1

[Event "Tourn. n8766"]
[Site "www.chess-mail.com"]
[Date "2016.05.27"]
[Round "1"]
[White "Esperanza"]
[Black "Nulladies"]
[WhiteElo "1569"]
[BlackElo "1499"]
[Result "1-0"]
[Round "1"]
1.e4 c5
2.d4 cxd4
3.c3 dxc3
4.Nb1xc3 e5
5.Ng1f3 Ng8f6
6.Bf1c4 Bf8c5
7.O-O O-O
8.Nf3xe5 d6
9.Ne5f3 Nb8c6
10.Bc1g5 h6
11.Bg5h4 Nc6e5
12.Bc4e2 Bc8g4
13.Nc3d5 g5
14.Bh4g3 Ne5xf3
15.Be2xf3 Bg4xf3
16.Qd1xf3 Nf6xd5
17.exd5 Qd8d7
18.h4 gxh4
19.Bg3xh4 Bc5d4
20.Qf3g3 Kh7
21.Qg3d3 { resign }
1-0

[Event "Tourn. n8645"]
[Site "www.chess-mail.com"]
[Date "2016.05.27"]
[Round "1"]
[White "Roserl"]
[Black "Estonia"]
[WhiteElo "1900"]
[BlackElo "1990"]
[Result "1-0"]
[Round "1"]
1.e4 c5
2.Ng1f3 d6
3.d4 cxd4
4.Nf3xd4 Ng8f6
5.Nb1c3 a6
6.Bc1g5 e5
7.Nd4b3 h6
8.Bg5xf6 Qd8xf6
9.Nc3d5 Qf6d8
10.Bf1e2 Nb8c6
11.c3 Bc8e6
12.O-O Bf8e7
13.f4 O-O
14.Be2g4 Be6xd5
15.Qd1xd5 Qd8b6
16.Kh1 Ra8c8
17.Bg4xc8 Rf8xc8
18.Ra1b1 Rc8f8
19.Nb3d2 Qb6c5
20.Qd5d3 exf4
21.Rf1xf4 Be7g5
22.Rf4f1 Nc6e5
23.Qd3e2 b5
24.Nd2b3 Qc5e3
25.Qe2c2 Qe3b6
26.Nb3d4 Ne5g4
27.Qc2d3 Ng4e3
28.Rf1f3 Ne3c4
29.Rf3f2 Nc4e5
30.Qd3e2 Ne5c4
31.Rf2f3 Nc4e5
32.Rf3f1 Ne5c4
33.Nd4f3 Bg5f4
34.Nf3d4 Bf4e5
35.Rf1f3 Be5xd4
36.cxd4 Qb6xd4
37.Rf3d3 Qd4e5
38.b3 Nc4b6
39.Qe2f3 a5
40.Rb1d1 Nb6c8
41.Rd3d5 Qe5e8
42.Qf3d3 a4
43.Rd5xb5 axb3
44.axb3 Qe8c6
45.Rb5b8 Qc6c7
46.Rb8b4 Rf8e8
47.h3 Qc7a5
48.Rb4a4 Qa5e5
49.b4 Nc8b6
50.Ra4a6 Nb6c8
51.b5 Qe5c5
52.Ra6c6 Qc5a7
53.Rd1c1 Nc8e7
54.Rc6xd6 Ne7g6
55.b6 Qa7a2
56.b7 Ng6f4
57.Qd3f3 Nf4e6
58.Rc1c8 Qa2b1
59.Kh2 { resign }
1-0

[Event "Tourn. n8763"]
[Site "www.chess-mail.com"]
[Date "2016.05.27"]
[Round "1"]
[White "Picifarkinca"]
[Black "Caspito"]
[WhiteElo "1780"]
[BlackElo "1730"]
[Result "1/2-1/2"]
[Round "1"]
1.b3 e5
2.Bc1b2 Nb8c6
3.g3 d5
4.Bf1g2 e4
5.e3 Ng8f6
6.d3 Bc8f5
7.Ng1e2 Bf8c5
8.d4 Bc5b6
9.Nb1d2 O-O
10.a3 a6
11.c4 Nc6a5
12.Ne2c3 dxc4
13.b4 Na5b3
14.Nd2xb3 cxb3
15.Qd1xb3 c6
16.Ra1d1 Bb6a7
17.O-O b5
18.d5 cxd5
19.Nc3xd5 Nf6xd5
20.Qb3xd5 Qd8xd5
21.Rd1xd5 Bf5e6
22.Rd5d6 Ba7b8
23.Rd6d2 Be6f5
24.Rf1d1 Bb8c7
25.Bb2d4 a5
26.Bd4c5 Rf8e8
27.h3 h6
28.Kh2 axb4
29.Bc5xb4 Bc7a5
30.Bg2f1 Ba5xb4
31.axb4 Re8b8
32.Rd2d5 Bf5e6
33.Rd5xb5 Rb8xb5
34.Bf1xb5 Ra8b8
35.Bb5c6 Rb8xb4
36.Kg2 f5
37.Rd1d8 Kf7
38.Rd8a8 g5
39.Ra8a4 Rb4xa4
40.Bc6xa4 Kf6
41.Ba4c6 Ke5
{ draw }
1/2-1/2

[Event "Match"]
[Site "www.echecsemail.com"]
[Date "2016.05.27"]
[Round "1"]
[White "Wagner"]
[Black "Jhzes"]
[WhiteElo "1830"]
[BlackElo "1809"]
[Result "0-1"]
[Round "1"]
1.e4 e5
2.d3 Bf8c5
3.Ng1f3 Nb8c6
4.Bc1d2 Ng8f6
5.h3 b6
6.c4 d6
7.g4 Bc8b7
8.g5 Nf6h5
9.Nf3h4 g6
10.a3 Nh5f4
11.Nh4f3 Nf4e6
12.Nb1c3 Nc6d4
13.b4 Nd4xf3
14.Qd1xf3 Bc5d4
15.Ra1c1 Ne6xg5
16.Bd2xg5 Qd8xg5
17.Rc1d1 Bd4xc3
18.Ke2 f5
19.h4 Qg5f6
20.Rd1c1 Bc3d4
21.exf5 Bb7xf3
22.Kxf3 Qf6xf5
23.Ke2 Qf5xf2
24.Kd1 Qf2f3
{ resign }
0-1

[Event "Match"]
[Site "www.echecsemail.com"]
[Date "2016.05.27"]
[Round "1"]
[White "Orae"]
[Black "Llord"]
[WhiteElo "1720"]
[BlackElo "1780"]
[Result "0-1"]
[Round "1"]
1.e4 e5
2.Bf1c4 Ng8f6
3.d3 Bf8c5
4.Ng1f3 Nb8c6
5.Bc4xf7 Kxf7
6.Nf3g5 Ke7
7.c3 h6
8.Ng5f3 Rh8e8
9.O-O Kf8
10.Bc1e3 d6
11.h3 Kg8
12.Qd1b3 Kh8
13.Nf3h4 Nc6a5
14.Nh4g6 Kh7
15.Qb3f7 Bc8e6
16.Ng6f8 Re8xf8
17.Qf7xe6 Rf8e8
18.Qe6f5 Kh8
19.Be3d2 Re8f8
20.Qf5g6 Nf6h7
21.b4 Rf8f6
22.Qg6g3 Qd8f8
23.bxc5 dxc5
24.Qg3xe5 Na5c6
25.Qe5g3 Nc6e7
26.c4 Ne7g6
27.Bd2e3 b6
28.Qg3xc7 Ng6h4
29.Qc7g3 Nh4g6
30.e5 Rf6e6
31.d4 cxd4
32.Be3xd4 Ra8e8
33.Nb1d2 Ng6xe5
34.Bd4xe5 Re6xe5
35.Nd2f3 Re5e4
36.Nf3d2 Re4e2
37.Nd2f3 Nh7f6
38.Nf3d4 Re2e4
39.Nd4f3 Nf6h5
40.Qg3g6 Nh5f4
41.Qg6c6 Nf4e2
42.Kh1 Re4e6
43.Qc6b7 Re8e7
44.Qb7d5 Ne2f4
45.Qd5d2 Nf4xg2
46.Kxg2 Re6g6
47.Kh2 Qf8xf3
48.Qd2d8 Kh7
49.Rf1g1 Qf3xf2
50.Kh1 Re7e2
51.Qd8c7 Rg6g2
{ resign }
0-1

[Event "Match"]
[Site "www.echecsemail.com"]
[Date "2016.05.27"]
[Round "1"]
[White "Towerbridge"]
[Black "Toblakay"]
[WhiteElo "1550"]
[BlackElo "1499"]
[Result "0-1"]
[Round "1"]
1.e4 c5
2.Nb1c3 Nb8c6
3.g3 g6
4.Bf1g2 Bf8g7
5.Ng1e2 e5
6.d3 Ng8e7
7.O-O O-O
8.Bc1e3 d6
9.h3 Nc6d4
10.Kh2 a6
11.Qd1d2 Bc8e6
12.f4 f6
13.fxe5 dxe5
14.Ra1c1 b5
15.Nc3d1 Qd8d6
16.a3 Ra8c8
17.Nd1f2 f5
18.Be3g5 Nd4xe2
19.Qd2xe2 f4
20.gxf4 exf4
21.Bg5xe7 Qd6xe7
22.Bg2f3 Bg7xb2
23.Rc1b1 Bb2d4
24.Nf2g4 h5
25.Ng4f2 Qe7h4
26.Kg2 Kg7
 { time }
0-1

[Event "Match"]
[Site "www.echecsemail.com"]
[Date "2016.05.27"]
[Round "1"]
[White "Starwind"]
[Black "Glenno"]
[WhiteElo "2189"]
[BlackElo "2410"]
[Result "1-0"]
[Round "1"]
1.d4 Ng8f6
2.c4 e6
3.g3 d5
4.Ng1f3 dxc4
5.Bf1g2 Nb8c6
6.Qd1a4 Bf8b4
7.Bc1d2 Nf6d5
8.Bd2xb4 Nd5xb4
9.O-O Ra8b8
10.Nb1a3 O-O
11.Qa4b5 b6
12.Qb5xc4 Bc8a6
13.Na3b5 Qd8d5
14.Qc4xd5 Nb4xd5
15.a4 Nc6a5
16.Nf3e5 Rb8d8
17.Nb5xa7 Nd5b4
18.Ra1c1 Rd8d5
19.Bg2xd5 Nb4xd5
20.Rc1c2 c5
21.dxc5 Nd5b4
22.Rc2d2 bxc5
23.Rf1d1 f6
24.Ne5d7 Rf8f7
25.Nd7xc5 Rf7xa7
26.Rd2d8 Kf7
27.Rd1d7 Ra7xd7
28.Rd8xd7 Ke8
29.Rd7xg7 Ba6xe2
30.Rg7xh7 e5
31.h4 Na5c4
32.h5 Nc4d6
33.h6 Nd6f7
34.a5 Nb4a6
35.Nc5xa6 Be2xa6
36.Rh7g7 Nf7xh6
37.Rg7g6 Nh6f7
38.Rg6xf6 Ba6c4
39.a6 Bc4d5
40.a7 Nf7g5
41.b4 Ng5f3
42.Kf1 Ke7
43.Rf6a6 Nf3h2
44.Ke2 Bd5f3
45.Ke3 Bf3a8
46.Ra6b6 Nh2g4
47.Ke2 e4
48.b5 Ng4e5
49.Rb6b8 Ne5c6
50.bxc6 Ba8xc6
51.Ke3 Kd7
52.a8Q Bc6xa8
53.Rb8xa8 Ke6
54.g4 Kf7
55.Kxe4 Kg6
56.Ke5 Kf7
57.Ra8a7 Kg6
58.f3 Kg5
59.Ra7a6 Kh4
60.Kf4 Kh3
61.Ra6a2 Kh4
62.Ra2h2 
1-0

[Event "Match"]
[Site "www.echecsemail.com"]
[Date "2016.05.27"]
[Round "1"]
[White "Guidom"]
[Black "Thecellist"]
[WhiteElo "2040"]
[BlackElo "1809"]
[Result "1-0"]
[Round "1"]
1.e4 c5
2.Ng1f3 d6
3.c4 Bc8g4
4.Bf1e2 Bg4xf3
5.Be2xf3 Nb8c6
6.O-O g6
7.d3 Bf8g7
8.Nb1c3  { time }
1-0